Rafael Benitez' Real Madrid - Statistics

General Stats
  • This quiz has been taken 27 times
  • The average score is 19 of 26
Answer Stats
Rank Player Position Nationality Matches Goals Assists % Correct
8 Casemiro Defensive Midfield 18 0 3
100%
1 Cristiano Ronaldo Centre-Forward 24 25 8
100%
5 Isco Attacking Midfield 20 3 6
100%
4 Keylor Navas Goalkeeper 20 0 0
100%
2 Luka Modrić Central Midfield 22 1 3
100%
3 Toni Kroos Central Midfield 21 0 6
100%
10 Karim Benzema Centre-Forward 17 16 1
96%
7 Marcelo Left-Back 19 2 2
96%
12 Gareth Bale Right Winger 15 9 10
92%
19 Daniel Carvajal Right-Back 11 1 1
88%
18 James Rodríguez Attacking Midfield 11 3 6
88%
6 Mateo Kovacic Central Midfield 20 1 1
88%
14 Pepe Centre-Back 14 0 1
88%
11 Raphaël Varane Centre-Back 17 0 0
88%
16 Sergio Ramos Centre-Back 13 1 1
76%
21 Denis Cheryshev Left Winger 6 1 1
64%
20 Álvaro Arbeloa Right-Back 6 0 0
60%
22 Kiko Casilla Goalkeeper 5 0 0
60%
15 Nacho Fernández Centre-Back 14 1 0
60%
17 Jesé Left Winger 13 2 1
56%
13 Lucas Vázquez Right-Back 15 1 5
56%
9 Danilo Centre-Back 17 2 2
48%
24 Philipp Lienhart Centre-Back 1 0 0
36%
26 Borja Mayoral Centre-Forward 1 0 0
28%
23 Marcos Llorente Right Midfield 3 0 0
24%
25 Álvaro Tejero Right-Back 1 0 0
16%
No matching quizzes found
Score Distribution
Percent of People with Each Score
Percentile by Number Answered
Your Score History
You have not taken this quiz